<?xml version="1.0" encoding="UTF-8"?>
<collection xmlns="http://www.loc.gov/MARC21/slim">
 <record>
  <leader>00730pamaa2200241   4500</leader>
  <controlfield tag="001">0000053187</controlfield>
  <controlfield tag="005">20141125090000.0</controlfield>
  <datafield tag="020" ind1="0" ind2="0">
   <subfield code="a">9780415696869 (pbk) </subfield>
  </datafield>
  <datafield tag="082" ind1=" " ind2=" ">
   <subfield code="a">346.9402 STO 2013</subfield>
  </datafield>
  <datafield tag="090" ind1="0" ind2="0">
   <subfield code="a">KD1554 </subfield>
   <subfield code="b">STO 2013</subfield>
  </datafield>
  <datafield tag="100" ind1="1" ind2="0">
   <subfield code="a">Stone </subfield>
  </datafield>
  <datafield tag="240" ind1="0" ind2="0">
   <subfield code="a">Q&amp;A Contract law</subfield>
  </datafield>
  <datafield tag="245" ind1="1" ind2="0">
   <subfield code="a">Contract law : </subfield>
   <subfield code="b">questions and answers  </subfield>
   <subfield code="c">Richard Stone.</subfield>
  </datafield>
  <datafield tag="250" ind1="0" ind2="0">
   <subfield code="a">10th ed.</subfield>
  </datafield>
  <datafield tag="260" ind1="0" ind2="0">
   <subfield code="a">London: </subfield>
   <subfield code="b">Cavendish Publishing Limited, </subfield>
   <subfield code="c">2013.</subfield>
  </datafield>
  <datafield tag="300" ind1=" " ind2=" ">
   <subfield code="a">xvi, 293p.; </subfield>
   <subfield code="c">24cm.</subfield>
  </datafield>
  <datafield tag="440" ind1="0" ind2="4">
   <subfield code="a">The Cavendish Q and A Series</subfield>
  </datafield>
  <datafield tag="500" ind1="0" ind2="0">
   <subfield code="a">Previous ed.: 2005</subfield>
  </datafield>
  <datafield tag="500" ind1="0" ind2="0">
   <subfield code="a">Includes bibliographical references and index</subfield>
  </datafield>
  <datafield tag="501" ind1="0" ind2="0">
   <subfield code="a">DLLUK</subfield>
  </datafield>
  <datafield tag="650" ind1="0" ind2="0">
   <subfield code="a">Contracts -- </subfield>
   <subfield code="z">England </subfield>
  </datafield>
  <datafield tag="650" ind1="0" ind2="0">
   <subfield code="a">Contracts -- </subfield>
   <subfield code="z">Wales </subfield>
  </datafield>
  <datafield tag="901" ind1=" " ind2=" ">
   <subfield code="u">http://www.cavendishpublishing.com</subfield>
  </datafield>
 </record>
</collection>
